|
|
|
|
| LEADER |
01098cam a2200337 a 4500 |
| 001 |
000043768 |
| 003 |
1824 |
| 005 |
20060627101030.0 |
| 008 |
010217b2004 vm 000 vie |
| 020 |
|
|
|c 250000
|
| 040 |
|
|
|a LRC
|c LRC
|d LRC
|
| 041 |
0 |
|
|a vie
|
| 082 |
1 |
4 |
|a 895.92334008
|b HO-N
|
| 100 |
1 |
|
|a Hoàng Minh Nhân,
|e chủ biên.
|
| 245 |
0 |
0 |
|a Trang đời huyền thoại /
|c Hoàng Minh Nhân chủ biên.
|
| 260 |
|
|
|a Hà Nội :
|b Chính trị quốc gia,
|c 2004.
|
| 300 |
|
|
|a 750 tr. :
|b mh. ;
|c 19 cm.
|
| 630 |
0 |
4 |
|a Văn học Việt Nam.
|
| 650 |
0 |
4 |
|a Văn học Việt.
|
| OWN |
|
|
|a DUT
|
| AVA |
|
|
|a UDN50
|b DUT
|c Book
|d 895.92334008 HO-N
|e available
|t Error 5001 Not defined in file expand_doc_bib_avail.
|f 1
|g 0
|h N
|i 0
|j SH
|k 1
|
| 999 |
|
|
|a From the UDN01
|
| AVA |
|
|
|a UDN50
|b DUT
|c Book
|d 895.92334008 HO-N
|e available
|t Error 5001 Not defined in file expand_doc_bib_avail.
|f 1
|g 0
|h N
|i 0
|j SH
|k 1
|
| TYP |
|
|
|a Monograph
|
| TYP |
|
|
|a Printed language
|
| 980 |
|
|
|a Mạng thư viện Đại học Đà Nẵng
|